000 01443pab a2200181 454500
008 180718b2015 xxu||||| |||| 00| 0 eng d
100 _aBelle, Nicola
245 _aPerformance- related pay and the crowding out of motivation in the public sector: a randomized field experiment
260 _c2015
300 _ap.230-241.
362 _aMar-Apr
520 _aThis article advances our understanding of the effects of monetary rewards on public employee performance and of the contingencies that may moderate these effects. In a randomized control-group experiment with nurses working at a local health authority in Italy, performance-related pay (PRP) had a larger effect on task performance when the rewards were kept secret than when they were disclosed. The negative interaction between PRP and visibility was stronger among participants who were exposed to direct contact with a beneficiary of their efforts, which heightened their perception of making a positive difference in other people's lives. These results are consistent with theoretical predictions that monetary incentives for activities with a prosocial impact may crowd out employee image motivation. There were no crowding-out effects when a symbolic reward was substituted for the monetary incentive. - Reproduced.
650 _aMotivation
650 _aPublic sector
650 _aPerformance appraisal
773 _aPublic Administration Review
909 _a108346
999 _c108341
_d108341